000 00789cab a2200217 4500
001 ABS39214
008 090401t1988 xxu||||| |||| 00| 0 eng d
035 _a(Sirsi) u15131
041 _aeng
245 4 _aThe Recruitment Market: Chartered Surveyors
260 _c1988
350 _a0
490 _aIDS Top Pay Unit Review
_v87, May 1988 14-15(2)
520 _aA survey of the market including details of salary levels and the Surveyors Appointments Services salary survey. Includes a list of advertisements and advertised salaries which appeared in the press during the month of March.
650 _aABOUT RICS-RICS MEMBERS
650 _aRECRUITMENT
650 _aSALARIES
690 _aMANAGEMENT-BUSINESS MANAGEMENT-PROFESSIONAL PRACTICE
942 _n0
948 _c04/03/1997
999 _c9887
_d9887